000 00362pab a2200145 454500
008 180718b2000 xxu||||| |||| 00| 0 eng d
100 _aNorchi, Charles H.
245 _aIndigenous knowledge as intellectual property
260 _c2000
300 _ap.387-98
362 _aDec
650 _aIntellectual property
773 _aPolicy Sciences
909 _a48400
999 _c48400
_d48400